Every Guardian Top 100 Ranked Male Footballer - Statistics

General Stats
  • This quiz has been taken 78 times
  • The average score is 208 of 857
Answer Stats
Player Number of times ranked Peak ranking Peak ranking year % Correct
Cristiano Ronaldo 13 1 2014
100%
Lionel Messi 13 1 2012
100%
Neymar 12 3 2015
91%
Dominic Calvert-Lewin 1 80 2020
87%
Mohamed Salah 10 5 2018
85%
Karim Benzema 12 3 2021
83%
Luka Modrić 13 1 2018
83%
Andrés Iniesta 8 4 2012
81%
Kylian Mbappé 8 2 2021
79%
Micky van de Ven 2 160 2024
79%
Sergio Ramos 9 11 2017
79%
Son Heung-min 10 19 2019
79%
Erling Haaland 6 1 2023
77%
Gonçalo Ramos 3 113 2021
77%
Luis Suárez 13 3 2016
77%
Xavi 4 3 2012
77%
Zlatan Ibrahimovic 9 3 2013
77%
Gareth Bale 10 6 2016
74%
Manuel Neuer 12 3 2014
74%
Adrien Silva 1 91 2016
72%
Bernardo Silva 10 11 2023
72%
David Silva 10 18 2012
72%
Harry Kane 10 4 2023
72%
Rafa Silva 2 170 2021
72%
Thiago Silva 13 16 2012
72%
Thomas Müller 12 5 2014
72%
Emiliano Martínez 4 20 2021
70%
Hwang Ui-jo 1 195 2018
70%
Lautaro Martínez 7 7 2024
70%
Lisandro Martínez 4 81 2021
70%
Philipp Lahm 6 9 2014
70%
Robert Lewandowski 13 1 2020
70%
Trent Alexander-Arnold 7 17 2019
70%
Adrián Martínez 1 176 2024
68%
Antoine Griezmann 11 4 2016
68%
Gianluigi Donnarumma 7 80 2016
68%
Gonzalo Martínez 1 94 2018
68%
Jackson Martínez 2 73 2014
68%
James Rodríguez 7 15 2014
68%
Javi Martinez 3 98 2012
68%
Josef Martínez 2 172 2018
68%
Kevin De Bruyne 11 4 2017
68%
Paul Pogba 7 11 2015
68%
Rodri 6 1 2024
68%
Sadio Mané 9 3 2019
68%
Virgil van Dijk 9 2 2019
68%
Alexis Sánchez 6 9 2016
66%
Dele Alli 4 31 2017
66%
Gianluigi Buffon 7 16 2017
66%
Kim Min-jae 4 37 2023
66%
Phil Foden 5 15 2024
66%
Thibaut Courtois 12 9 2021
66%
Toni Kroos 13 9 2017
66%
Alisson 7 9 2019
64%
Arjen Robben 7 4 2014
64%
Bukayo Saka 5 13 2024
64%
Carlos Sánchez 1 95 2015
64%
Davinson Sanchez 1 181 2017
64%
N'Golo Kanté 8 10 2018
64%
Pedri 5 19 2021
64%
Sergio Busquets 9 14 2012
64%
Bruno Fernandes 6 21 2020
62%
Eden Hazard 9 7 2018
62%
Franck Ribéry 4 4 2013
62%
Frank Lampard 2 88 2013
62%
Gerard Piqué 9 24 2012
62%
Luis Díaz 4 37 2024
62%
Marc-André ter Stegen 9 21 2019
62%
Rúben Dias 7 21 2023
62%
Thorgan Hazard 1 155 2019
62%
Almoez Ali 1 178 2019
60%
Ángel Di María 13 14 2014
60%
Eder 1 217 2015
60%
Ederson 8 23 2023
60%
Iker Casillas 3 12 2012
60%
Jordi Alba 8 55 2012
60%
Lucas Hernández 3 69 2018
60%
Mesut Özil 7 12 2013
60%
Gavi 3 28 2023
57%
Joshua Kimmich 9 11 2020
57%
Jude Bellingham 4 2 2023
57%
Leroy Sané 8 38 2023
57%
Mario Fernandes 1 146 2018
57%
Moussa Dembélé 4 91 2012
57%
Ousmane Dembélé 8 59 2017
57%
Rodrygo 6 31 2024
57%
Sergio Agüero 9 9 2015
57%
Vinícius Júnior 5 2 2024
57%
Wayne Rooney 6 28 2013
57%
Andrew Robertson 5 23 2019
55%
Andy Robertson 2 161 2023
55%
Casemiro 8 15 2021
55%
Giorgio Chiellini 8 49 2018
55%
Lamine Yamal 1 4 2024
55%
Roberto Firmino 6 11 2019
55%
Romelu Lukaku 9 19 2020
55%
Theo Hernández 5 46 2021
55%
David Alaba 11 23 2015
53%
David De Gea 9 18 2015
53%
Edinson Cavani 10 10 2012
53%
Ferran Torres 4 94 2020
53%
Jamie Vardy 5 19 2016
53%
Javier Hernández 1 105 2016
53%
Leonardo Bonucci 8 26 2016
53%
Macnelly Torres 1 172 2016
53%
Marcelo 10 18 2018
53%
Mason Mount 4 137 2021
53%
Mats Hummels 11 39 2014
53%
Pedro 5 72 2012
53%
Reece James 3 94 2021
53%
Steven Gerrard 2 80 2014
53%
Yaya Touré 5 9 2012
53%
Brahim Díaz 1 216 2024
51%
Carles Puyol 1 46 2012
51%
Cole Palmer 2 12 2024
51%
Didier Drogba 2 49 2012
51%
Diego Costa 8 12 2014
51%
Douglas Costa 5 32 2015
51%
Jack Grealish 5 49 2023
51%
Jordan Henderson 5 33 2020
51%
Kyle Walker 7 45 2023
51%
Marco Reus 7 23 2013
51%
Marcus Rashford 8 41 2020
51%
Raphaël Varane 9 12 2018
51%
Riyad Mahrez 9 10 2016
51%
Xabi Alonso 5 15 2012
51%
Amadou Onana 2 159 2024
49%
André Onana 4 62 2023
49%
Jamal Musiala 4 19 2024
49%
Jan Oblak 10 24 2019
49%
Kai Havertz 7 50 2020
49%
Marcelo Díaz 2 159 2016
49%
Memphis Depay 7 64 2020
49%
Nicolas Pépé 1 101 2019
49%
Olivier Giroud 6 30 2021
49%
Pepe 4 30 2016
49%
Raheem Sterling 10 8 2019
49%
Antonio Rüdiger 4 24 2024
47%
Bastian Schweinsteiger 4 19 2012
47%
Dani Carvajal 6 9 2024
47%
Domagoj Vida 1 204 2018
47%
Edin Dzeko 7 43 2017
47%
Florian Wirtz 2 8 2024
47%
Gabriel Jesus 8 39 2017
47%
Hugo Lloris 10 40 2016
47%
Ivan Rakitić 7 13 2018
47%
Joao Neves 1 179 2024
47%
Kasper Schmeichel 4 72 2016
47%
Martin Ødegaard 6 18 2023
47%
Pierre-Emerick Aubameyang 8 8 2016
47%
Serge Gnabry 5 16 2020
47%
Alphonso Davies 5 23 2020
45%
Andrea Pirlo 5 8 2012
45%
Christian Pulisic 7 77 2017
45%
Dani Alves 8 26 2017
45%
David Villa 2 62 2012
45%
Enzo Fernández 4 21 2021
45%
Frenkie de Jong 6 10 2019
45%
Harry Maguire 3 79 2018
45%
Ignacio Fernández 2 191 2020
45%
Igor Jesus 1 152 2024
45%
Isco 9 12 2017
45%
Jérôme Boateng 5 36 2016
45%
Luke Shaw 1 227 2023
45%
Luuk de Jong 2 116 2020
45%
Marcos Alonso 2 77 2018
45%
Mario Mandžukić 6 33 2018
45%
Rúben Neves 2 155 2015
45%
Samuel Eto’o 2 54 2012
45%
Alejandro ‘Papu’ Gomez 3 32 2020
43%
Alexander Isak 2 87 2023
43%
Ciro Immobile 8 24 2020
43%
Declan Rice 4 22 2023
43%
Gabriel Magalhães 2 57 2024
43%
Gonzalo Higuaín 7 14 2016
43%
Graziano Pellè 2 126 2014
43%
Gustavo Gómez 2 173 2021
43%
Iñaki Williams 5 176 2021
43%
Jadon Sancho 3 29 2020
43%
Jesús Navas 2 86 2020
43%
John Stones 8 26 2023
43%
Juan Mata 6 30 2013
43%
Julián Álvarez 4 19 2023
43%
Keylor Navas 7 55 2016
43%
Mario Gomez 1 56 2012
43%
Mario Götze 5 24 2014
43%
Maxi Gómez 2 173 2020
43%
Radamel Falcao 6 6 2012
43%
Robin van Persie 3 7 2012
43%
Thiago Alcântara 8 17 2020
43%
Vincent Kompany 6 23 2012
43%
Achraf Hakimi 6 16 2021
40%
Alexandre Lacazette 7 59 2015
40%
Benjamin Mendy 2 97 2017
40%
Carlos Tevez 6 17 2015
40%
Darwin Núñez 5 78 2023
40%
David Luiz 6 50 2013
40%
Édouard Mendy 1 211 2020
40%
Ferland Mendy 1 182 2020
40%
Granit Xhaka 4 26 2024
40%
Hakim Ziyech 8 29 2019
40%
Jan Vertonghen 5 57 2013
40%
Leon Goretzka 4 40 2020
40%
Marcus Thuram 5 67 2024
40%
Mario Balotelli 4 33 2013
40%
Marquinhos 11 49 2020
40%
Philippe Coutinho 6 24 2017
40%
Raphinha 4 25 2024
40%
Timo Werner 4 30 2020
40%
Álvaro Morata 8 47 2015
38%
Christian Eriksen 9 25 2017
38%
Fermín López 1 210 2024
38%
Fernandinho 7 38 2012
38%
Gabriel Martinelli 4 53 2023
38%
John Terry 3 69 2014
38%
Jorginho 5 52 2018
38%
Joško Gvardiol 4 31 2021
38%
Kingsley Coman 3 47 2020
38%
Matthijs De Ligt 5 18 2019
38%
Michael Olise 1 85 2024
38%
Miroslav Klose 2 70 2014
38%
Nico Williams 4 14 2024
38%
Petr Cech 4 44 2012
38%
Rani Khedira 1 217 2023
38%
Sami Khedira 3 120 2017
38%
Unai Simón 1 91 2024
38%
Vitinha 1 47 2024
38%
William Saliba 4 28 2024
38%
Alexis Mac Allister 4 38 2024
36%
Ashley Cole 1 30 2012
36%
Diego Godín 6 24 2016
36%
Douglas Luiz 1 178 2023
36%
Dries Mertens 4 27 2017
36%
Éder Militão 3 67 2021
36%
Georginio Wijnaldum 2 43 2019
36%
İlkay Gündoğan 10 16 2023
36%
Jonathan David 2 73 2024
36%
Khvicha Kvaratskhelia 4 12 2023
36%
Marco Verratti 10 42 2015
36%
Nicolás Otamendi 5 100 2021
36%
Victor Osimhen 6 9 2023
36%
Arturo Vidal 9 15 2015
34%
Aurélien Tchouaméni 4 45 2021
34%
Cesc Fàbregas 5 29 2013
34%
Dani Olmo 4 17 2024
34%
Fede Valverde 6 18 2021
34%
Ibrahima Konaté 1 134 2024
34%
Joël Matip 1 115 2019
34%
Jordan Pickford 4 65 2018
34%
José María Giménez 2 83 2019
34%
Nuno Mendes 2 176 2021
34%
Paulo Dybala 8 14 2017
34%
Richarlison 6 61 2021
34%
Toby Alderweireld 7 58 2016
34%
Wesley Sneijder 3 93 2014
34%
André Schürrle 2 140 2014
32%
Anthony Martial 4 66 2015
32%
Blaise Matuidi 6 53 2015
32%
Bruno Guimarães 5 60 2023
32%
David Raya 1 86 2024
32%
Diego Forlan 1 99 2012
32%
Diogo Jota 4 63 2020
32%
Dominik Szoboszlai 3 52 2023
32%
Fabián Ruiz 3 44 2024
32%
Francesco Totti 4 31 2013
32%
Henrikh Mkhitaryan 10 57 2016
32%
Javier Mascherano 6 25 2015
32%
Koke 8 41 2016
32%
Nathan Ake 1 101 2023
32%
Oleksandr Zinchenko 3 122 2023
32%
Ollie Watkins 2 54 2024
32%
Rodrigo De Paul 4 48 2021
32%
Santiago Gimenez 1 75 2023
32%
Scott McTominay 1 175 2024
32%
Víctor Valdés 1 69 2013
32%
Xherdan Shaqiri 1 149 2014
32%
Yann Sommer 5 112 2021
32%
Aaron Ramsdale 1 106 2023
30%
Alessandro Bastoni 2 52 2024
30%
Aymeric Laporte 4 54 2019
30%
Benjamin Pavard 4 71 2018
30%
Claudio Bravo 2 81 2016
30%
Daniele De Rossi 4 38 2013
30%
Dayot Upamecano 6 52 2020
30%
Eduardo Camavinga 5 43 2023
30%
Fabinho 5 34 2019
30%
Federico Chiesa 3 129 2023
30%
Ivan Perisic 5 29 2018
30%
Jérémie Frimpong 2 64 2024
30%
João Cancelo 4 36 2021
30%
Joe Hart 3 65 2012
30%
Marco Asensio 2 42 2017
30%
Marcos Llorente 1 88 2020
30%
Mateo Kovacic 3 133 2020
30%
Nemanja Matic 4 48 2014
30%
Nicolò Barella 5 29 2023
30%
Niklas Süle 1 167 2019
30%
Oscar 4 36 2013
30%
Renato Sanches 2 54 2016
30%
Sandro Tonali 3 96 2021
30%
Wilfried Zaha 3 171 2018
30%
Willian 7 26 2012
30%
Wojciech Szczesny 3 123 2019
30%
Aaron Ramsey 5 49 2013
28%
Ademola Lookman 2 22 2024
28%
Arda Güler 1 145 2024
28%
César Azpilicueta 5 52 2017
28%
Claudio Marchisio 3 115 2015
28%
Cristian Romero 4 72 2021
28%
Dejan Lovren 1 135 2018
28%
Dusan Tadic 5 27 2019
28%
James Milner 2 82 2018
28%
Jonathan Tah 1 75 2024
28%
Jules Koundé 5 87 2024
28%
Kieran Trippier 5 63 2023
28%
Marouane Fellaini 1 60 2012
28%
Mikel Merino 2 131 2024
28%
Mike Maignan 4 74 2021
28%
Nacho 1 153 2018
28%
Nemanja Vidic 2 51 2013
28%
Nicolas Jackson 1 136 2024
28%
Per Mertesacker 1 90 2014
28%
Rafael Leão 4 23 2021
28%
Sergio Romero 1 183 2023
28%
Valentin Barco 1 241 2023
28%
Adama Traoré 1 114 2020
26%
Adrien Rabiot 5 99 2017
26%
Aleix García 2 143 2023
26%
Alex Sandro 3 90 2017
26%
Andrea Barzagli 2 103 2016
26%
Bradley Barcola 1 88 2024
26%
Chris Smalling 2 120 2015
26%
Cody Gakpo 4 50 2021
26%
Denzel Dumfries 4 97 2023
26%
Diego Carlos 1 137 2020
26%
Eberechi Eze 1 257 2023
26%
Federico Dimarco 2 53 2024
26%
James Maddison 5 77 2023
26%
Jarrod Bowen 1 135 2023
26%
Jérémy Doku 2 108 2023
26%
João Félix 5 35 2019
26%
José Giménez 1 212 2015
26%
Juan Cuadrado 4 56 2014
26%
Kalidou Koulibaly 7 30 2019
26%
Lorenzo Insigne 6 44 2017
26%
Lucas Moura 4 67 2019
26%
Mason Greenwood 1 149 2020
26%
Moisés Caicedo 5 102 2023
26%
Moussa Sissoko 2 129 2014
26%
Naby Keïta 3 53 2017
26%
Nani 1 79 2016
26%
Patrice Evra 2 78 2012
26%
Presnel Kimpembe 1 99 2020
26%
Raúl Jiménez 2 78 2020
26%
Ryan Gravenberch 1 112 2024
26%
Samir Handanovic 6 82 2013
26%
Samuel Umtiti 2 35 2018
26%
Shinji Kagawa 3 89 2013
26%
Viktor Gyökeres 1 29 2024
26%
Álex Grimaldo 2 33 2024
23%
André Gomes 3 117 2016
23%
Ansu Fati 1 45 2020
23%
Arda Turan 4 38 2014
23%
Daniel Sturridge 2 51 2014
23%
Dimitri Payet 4 27 2016
23%
Dušan Vlahović 4 66 2021
23%
Eric Bailly 1 168 2017
23%
Felipe Anderson 2 123 2015
23%
Gerard Moreno 2 118 2020
23%
Javier Zanetti 1 41 2012
23%
José Sand 1 198 2017
23%
Kepa Arrizabalaga 2 124 2019
23%
Laurent Koscielny 4 68 2016
23%
Mauro Icardi 8 32 2018
23%
Rasmus Højlund 2 158 2023
23%
Robbie Keane 1 166 2015
23%
Rodrigo Moreno 1 177 2019
23%
Rui Patrício 2 75 2016
23%
Santi Cazorla 7 67 2013
23%
William Carvalho 4 134 2016
23%
Youri Tielemans 5 159 2019
23%
Anthony Gordon 1 225 2024
21%
Antonio Valencia 1 142 2017
21%
Antony 2 122 2021
21%
Artem Dovbyk 1 48 2024
21%
Axel Witsel 4 52 2013
21%
Bremer 2 127 2024
21%
Daley Blind 3 92 2014
21%
Danilo 2 191 2015
21%
Enner Valencia 3 103 2014
21%
Enzo Pérez 3 119 2014
21%
Ezequiel Lavezzi 2 75 2012
21%
Fikayo Tomori 2 132 2021
21%
Gregor Kobel 2 92 2024
21%
Héctor Herrera 4 97 2014
21%
Leandro Trossard 1 217 2024
21%
Manuel Akanji 2 113 2023
21%
Marcel Sabitzer 3 68 2020
21%
Milan Skriniar 6 112 2018
21%
Miralem Pjanic 8 50 2019
21%
Omar Marmoush 1 59 2024
21%
Pau Cubarsí 1 81 2024
21%
Rafinha 2 172 2021
21%
Robin Gosens 1 91 2020
21%
Ronald Araújo 3 56 2023
21%
Tammy Abraham 3 87 2019
21%
Thomas Partey 5 85 2020
21%
Aaron Wan-Bissaka 1 161 2019
19%
Agustín Rossi 2 158 2021
19%
Alejandro Balde 1 193 2023
19%
Christian Benteke 2 181 2015
19%
Chris Wood 1 185 2024
19%
Dante 1 53 2013
19%
Diego Rossi 1 194 2020
19%
Gabi 2 91 2014
19%
Giuseppe Rossi 1 54 2013
19%
Hakan Çalhanoğlu 5 32 2024
19%
Iago Aspas 6 120 2020
19%
Julian Draxler 2 107 2017
19%
Lucas Paqueta 1 120 2023
19%
Luis Alberto 3 98 2020
19%
Nahuel Molina 1 262 2023
19%
Pablo Zabaleta 3 59 2014
19%
Riccardo Calafiori 1 97 2024
19%
Sergej Milinković-Savić 6 103 2021
19%
Stefan de Vrij 3 102 2020
19%
Stephan Lichtsteiner 1 161 2014
19%
Victor Boniface 2 62 2024
19%
Aleksandar Mitrović 5 83 2021
17%
Andriy Lunin 1 82 2024
17%
Ángel Correa 1 130 2020
17%
Arthur 3 77 2019
17%
Benjamin Šeško 1 121 2024
17%
Branislav Ivanovic 3 53 2014
17%
Christopher Nkunku 4 33 2021
17%
Danijel Subasic 1 115 2018
17%
Dominic Solanke 1 141 2024
17%
Duván Zapata 2 57 2020
17%
Fabio Quagliarella 1 94 2019
17%
Francesco Acerbi 2 139 2023
17%
Giovanni Di Lorenzo 1 110 2023
17%
Hulk 5 60 2015
17%
Joao Moutinho 1 76 2012
17%
Kostas Manolas 1 178 2018
17%
Marc Cucurella 1 72 2024
17%
Marcelo Brozovic 5 68 2021
17%
Mikel Oyarzabal 3 107 2020
17%
Mykhailo Mudryk 2 101 2021
17%
Niclas Füllkrug 4 125 2024
17%
Paulinho 7 59 2013
17%
Ramires 1 61 2012
17%
Randal Kolo Muani 3 76 2023
17%
Roberto 2 161 2014
17%
Samir Nasri 2 93 2012
17%
Seko Fofana 2 143 2021
17%
Stanislav Lobotka 1 111 2023
17%
Xavi Simons 2 66 2023
17%
Yannick Carrasco 2 77 2016
17%
Yassine 'Bono' Bounou 3 43 2021
17%
Youssouf Fofana 1 192 2023
17%
Aleksandar Kolarov 1 207 2018
15%
Alessandro Florenzi 2 150 2016
15%
Ben Yedder 3 154 2019
15%
Dirk Kuyt 2 100 2014
15%
Donny van de Beek 2 33 2019
15%
Franck Kessié 1 159 2020
15%
Idrissa Gueye 3 95 2019
15%
Javier Pastore 3 85 2015
15%
José María Callejón 1 86 2014
15%
Joshua Zirkzee 1 186 2024
15%
Júlio César 1 212 2015
15%
Kevin Trapp 2 125 2021
15%
Klaas Jan Huntelaar 1 63 2012
15%
Klaas-Jan Huntelaar 1 161 2014
15%
Loïs Openda 2 90 2023
15%
Marek Hamsik 6 58 2013
15%
Martín Zubimendi 2 107 2024
15%
Nicolas Gonzalez 1 216 2023
15%
Nicolás Tagliafico 1 134 2019
15%
Raphaël Guerreiro 3 74 2016
15%
Sofyan Amrabat 3 49 2021
15%
Stephan El Shaarawy 1 52 2012
15%
Tanguy N’Dombélé 1 192 2018
15%
Wilfried Bony 2 67 2014
15%
Wissam Ben Yedder 3 100 2020
15%
Yerry Mina 1 157 2018
15%
Alejandro Garnacho 2 106 2024
13%
Aleksandr Golovin 2 116 2018
13%
Álvaro Negredo 1 73 2013
13%
André-Frank Zambo Anguissa 3 131 2023
13%
Anthony Lopes 1 206 2020
13%
Antonio Di Natale 1 131 2014
13%
Arkadiusz Milik 1 161 2016
13%
Brais Mendez 1 190 2023
13%
Clément Lenglet 1 133 2019
13%
Clint Dempsey 1 132 2014
13%
Danilo Pereira 1 187 2017
13%
Dani Parejo 3 117 2019
13%
Dejan Kulusevski 4 101 2024
13%
Dominik Livakovic 2 71 2021
13%
Emil Forsberg 1 69 2017
13%
Endrick 1 147 2023
13%
Gervinho 2 82 2014
13%
Jean-Philippe Mateta 1 226 2024
13%
Jhon Duran 1 213 2024
13%
João Mário 2 119 2016
13%
Joelinton 1 186 2023
13%
John McGinn 1 165 2023
13%
Josip Ilicic 1 61 2020
13%
Juan Román Riquelme 1 101 2014
13%
Julian Brandt 2 99 2024
13%
Kei Kamara 1 210 2015
13%
Keisuke Honda 1 68 2013
13%
Kwadwo Asamoah 1 87 2012
13%
Luiz Adriano 2 78 2014
13%
Lukasz Piszczek 1 85 2013
13%
Manuel Ugarte 1 138 2023
13%
Marc Guéhi 1 192 2024
13%
Michu 1 176 2013
13%
Miranda 2 88 2014
13%
Nabil Fékir 3 95 2018
13%
Radja Nainggolan 5 72 2017
13%
Ricardo Pereira 1 169 2019
13%
Robin Le Normand 1 126 2024
13%
Rodrigo Bentancur 2 126 2021
13%
Savinho 1 94 2024
13%
Sébastien Haller 4 128 2021
13%
Serhou Guirassy 2 43 2024
13%
Simon Mignolet 2 168 2021
13%
Steve Mandanda 2 196 2015
13%
Suso 1 192 2018
13%
Takefuso Kubo 1 209 2024
13%
Take Kubo 1 104 2023
13%
Thomas Meunier 2 75 2018
13%
Victor Moses 1 112 2017
13%
Warren Zaïre-Emery 2 99 2023
13%
Yohan Cabaye 2 91 2013
13%
Adam Lallana 1 118 2016
11%
Andrea Belotti 2 123 2017
11%
André Ayew 2 117 2015
11%
Andrej Kramarić 2 164 2018
11%
Ante Rebić 1 85 2018
11%
Aritz Aduriz 3 67 2016
11%
Bryan Mbeumo 2 170 2024
11%
Corentin Tolisso 1 127 2017
11%
Divock Origi 1 157 2019
11%
Exequiel Palacios 1 186 2019
11%
Florian Thauvin 1 149 2018
11%
Geoffrey Kondogbia 1 112 2015
11%
Hatem Ben Arfa 3 92 2012
11%
Héctor Bellerín 1 108 2016
11%
Hirving Lozano 5 98 2018
11%
Jack Wilshere 2 96 2014
11%
Joselu 1 159 2023
11%
Kaoru Mitoma 2 71 2023
11%
Kevin Gameiro 2 59 2016
11%
Kieran Tierney 1 221 2020
11%
Kobbie Mainoo 1 104 2024
11%
Leighton Baines 1 116 2014
11%
Lukas Hradecky 1 181 2024
11%
Mathys Tel 1 232 2023
11%
Mehdi Taremi 4 78 2021
11%
Miguel Almirón 5 124 2021
11%
Moussa Diaby 3 174 2021
11%
Nico Schlotterbeck 1 138 2024
11%
Piero Hincapié 1 169 2024
11%
Piotr Zielinski 4 166 2021
11%
Ricardo Quaresma 1 155 2017
11%
Robert Andrich 1 110 2024
11%
Savio 1 256 2023
11%
Sebastian Giovinco 4 91 2015
11%
Serge Aurier 3 105 2015
11%
Seydou Doumbia 2 118 2014
11%
Sven Bender 1 184 2020
11%
Thomas Lemar 1 87 2017
11%
Tiémoué Bakayoko 1 121 2017
11%
Victor Wanyama 1 81 2012
11%
Alessandro Buongiorno 2 198 2024
9%
Alessio Romagnoli 1 242 2023
9%
Allan 2 101 2018
9%
Andre 1 124 2023
9%
Bafetimbi Gomis 2 182 2018
9%
Carlos Bacca 3 65 2015
9%
Charles De Ketelaere 1 128 2024
9%
Daichi Kamada 2 118 2021
9%
David Neres 1 105 2019
9%
Destiny Udogie 1 235 2023
9%
Edmond Tapsoba 1 221 2023
9%
Estêvão 1 103 2024
9%
Evan Ferguson 1 172 2023
9%
Fernando Muslera 1 162 2015
9%
Filip Kostic 2 106 2021
9%
Gianluca Scamacca 1 143 2024
9%
Gio Reyna 1 171 2020
9%
Gylfi Sigurdsson 2 109 2016
9%
Houssem Aouar 1 72 2020
9%
Islam Slimani 3 102 2016
9%
Ismaël Bennacer 2 162 2019
9%
Kamil Glik 1 110 2017
9%
Karim Adeyemi 1 228 2023
9%
Konrad Laimer 1 204 2023
9%
Leandro Paredes 1 212 2019
9%
Lorenzo Pellegrini 2 142 2021
9%
Lucas Torreira 2 93 2018
9%
Luiz Gustavo 1 217 2015
9%
Luka Jovic 1 114 2019
9%
Malcom 1 158 2017
9%
Mehdi Benatia 2 83 2014
9%
Naldo 1 181 2018
9%
Nolito 1 83 2015
9%
Paco Alcácer 3 104 2019
9%
Pierre-Emile Højbjerg 1 209 2020
9%
Salvatore Sirigu 1 238 2019
9%
Saúl Ñíguez 4 61 2018
9%
Seamus Coleman 2 154 2014
9%
Teun Koopmeiners 2 108 2024
9%
Tyler Adams 2 164 2021
9%
Wu Lei 1 145 2017
9%
Allan Saint-Maximin 2 175 2021
6%
Andriy Yarmolenko 2 97 2015
6%
Asamoah Gyan 1 98 2014
6%
Carlos Vela 3 107 2019
6%
Danny Ings 1 141 2020
6%
Darijo Srna 2 84 2012
6%
Deniz Undav 1 154 2024
6%
Domenico Berardi 2 201 2023
6%
Éver Banega 4 93 2020
6%
Everton Soares 1 217 2020
6%
Ezequiel Garay 2 77 2014
6%
Federico Marchetti 1 71 2013
6%
Gary Medel 2 113 2016
6%
Giorgi Mamardashvili​ 1 80 2024
6%
Giovani Lo Celso 1 142 2020
6%
Grzegorz Krychowiak 1 115 2016
6%
Jason Denayer 1 161 2020
6%
Joao Palhinha 1 146 2023
6%
Kelechi Iheanacho 1 170 2016
6%
Kenan Yildiz 1 161 2024
6%
Kevin Strootman 1 62 2013
6%
Krzysztof Piatek 2 152 2019
6%
Layvin Kurzawa 1 185 2015
6%
Lucas Biglia 1 223 2015
6%
Luis Muriel 1 152 2020
6%
Mateo Retegui 1 132 2024
6%
Matheus Cunha 1 220 2020
6%
Mathieu Valbuena 3 68 2012
6%
Matteo Politano 1 243 2023
6%
Morgan Schneiderlin 2 157 2014
6%
Nicolò Zaniolo 1 141 2019
6%
Obafemi Martins 1 165 2015
6%
Raphael Veiga 1 264 2023
6%
Renato Augusto 2 160 2015
6%
Romain Saïss 2 117 2021
6%
Ross Barkley 1 147 2015
6%
Shinji Okazaki 1 106 2014
6%
Sime Vrsaljko 1 133 2018
6%
Vitolo 1 107 2016
6%
Vitor Roque 1 262 2023
6%
Yacine Brahimi 3 61 2014
6%
Yevhen Konoplyanka 1 74 2015
6%
Youssef En-Nesyri 1 137 2023
6%
Alassane Pléa 2 163 2020
4%
Alex Teixeira 2 87 2015
4%
Alex Telles 1 169 2018
4%
André-Pierre Gignac 2 169 2015
4%
Anthony Modeste 1 156 2016
4%
Azzedine Ounahi 3 79 2021
4%
Bas Dost 2 119 2017
4%
Bruno Henrique 2 66 2019
4%
Cédric Bakambu 1 118 2017
4%
Cengiz Under 1 161 2018
4%
Dani Ceballos 1 217 2019
4%
Denis Cheryshev 1 87 2018
4%
Eduardo Vargas 2 126 2016
4%
Elye Wahi 1 191 2023
4%
Emmanuel Emenike 2 97 2013
4%
Erik Lamela 2 161 2014
4%
Éverton 2 92 2019
4%
Folarin Balogun 1 220 2023
4%
Francesco Caputo 1 208 2020
4%
Francis Coquelin 2 153 2016
4%
Francisco Trincao 1 200 2024
4%
Germán Cano 3 65 2023
4%
Giorgio Scalvini 1 202 2024
4%
Gonçalo Guedes 2 150 2017
4%
Igor Akinfeev 2 200 2017
4%
Ivan Provedel 1 253 2023
4%
Joaquin 1 190 2018
4%
Jonas Hofmann 1 194 2023
4%
Jose Fonte 1 163 2016
4%
Juan Zuniga 2 84 2013
4%
Julian Weigl 1 99 2016
4%
Loïc Perrin 1 217 2015
4%
Luiz Henrique 1 119 2024
4%
Matías Vecino 1 192 2019
4%
Miguel Gutiérrez 1 220 2024
4%
Mohammed Kudus 3 111 2021
4%
Nicolás Gaitán 2 124 2014
4%
Nikola KalInic 1 156 2015
4%
Pervis Estupinan 1 233 2023
4%
Renan Lodi 1 181 2020
4%
Riqui Puig 1 197 2024
4%
Simone Zaza 1 141 2017
4%
Steven Berghuis 1 200 2020
4%
Teemu Pukki 1 84 2019
4%
Teo Gutiérrez 2 159 2014
4%
Thiago Almada 2 144 2024
4%
Vedat Muriqi 1 229 2019
4%
Vincent Aboubakar 4 129 2015
4%
Youssoufa Moukoko 2 168 2021
4%
Alan Patrick 1 203 2023
2%
Albert Gudmundsson 1 202 2023
2%
Alexander Sørloth 2 129 2024
2%
Anderson Talisca 2 180 2018
2%
Andries Noppert 2 175 2021
2%
Angeliño 1 112 2020
2%
Artem Dzyuba 3 169 2018
2%
Arthur Vermeeren 1 188 2023
2%
Artyom Dzyuba 1 180 2015
2%
Bart Verbruggen 1 223 2024
2%
Borja Valero 1 202 2015
2%
Brice Samba 1 198 2023
2%
Bruno Petkovic 1 197 2019
2%
Dario Conca 1 78 2013
2%
DeAndre Yedlin 1 161 2014
2%
Edon Zhegrova 1 201 2024
2%
Emmanuel Mayuka 1 85 2012
2%
Faouzi Ghoulam 1 128 2017
2%
Gabriel Barbosa 4 52 2019
2%
Georges Mikautadze 1 174 2024
2%
Gerson 1 155 2024
2%
Giacomo Bonaventura 1 208 2023
2%
Giorgian de Arrascaeta 5 92 2021
2%
Gökhan Töre 1 212 2015
2%
Hernanes 1 71 2012
2%
Hiroki Sakai 1 205 2023
2%
Jean-Clair Todibo 1 244 2023
2%
Jesús Corona 1 189 2020
2%
Jhon Arias 1 197 2023
2%
Jonas Gonçalves Oliveira 3 134 2015
2%
Jonathan Soriano 1 172 2015
2%
Juan Fernando Quintero 1 208 2024
2%
Kasper Dolberg 1 147 2017
2%
Lasse Schöne 1 223 2015
2%
Lucas Lima 1 171 2015
2%
Lucas Ocampos 2 53 2020
2%
Luis Chávez 2 176 2021
2%
Mapou Yanga-M'Biwa 1 82 2012
2%
Marc Casadó 1 187 2024
2%
Martin Terrier 2 164 2021
2%
Maxence Caqueret 1 160 2020
2%
Miguel Borja 1 83 2016
2%
Nicolás de la Cruz 2 223 2019
2%
Nikola Vlašić 1 154 2020
2%
Odion Ighalo 1 223 2015
2%
Pablo Sarabia 1 227 2019
2%
Paolo Guerrero 2 124 2017
2%
Patson Daka 1 169 2020
2%
Pedro 'Pote' Goncalves 2 177 2023
2%
Ricardo Oliveira 1 207 2015
2%
Richard Ríos 1 167 2024
2%
Rogerio Ceni 2 114 2014
2%
Salomón Rondón 1 189 2019
2%
Santiago Arias 1 193 2024
2%
Sergio Reguilón 1 212 2020
2%
Sofiane Feghouli 1 190 2019
2%
Talisca 1 156 2014
2%
Tijjani Reijnders 1 115 2024
2%
Vincent Enyeama 2 65 2014
2%
Wahbi Khazri 1 187 2018
2%
Youcef Atal 1 151 2019
2%
Youssef Msakni 1 173 2017
2%
Abderrazak Hamdallah 2 165 2020
0%
Ahmed Khalil 1 170 2015
0%
Akram Afif 2 162 2024
0%
Alan Dzagoev 1 183 2015
0%
Álex Baena 1 122 2024
0%
Alireza Beiranvand 1 162 2018
0%
Andreas Granqvist 2 131 2018
0%
Ante Covic 1 144 2014
0%
Anton Miranchuk 1 215 2020
0%
Ashraf Nu'man 1 105 2014
0%
Ayoub El Kaabi 1 109 2024
0%
Baghdad Bounedjah 1 199 2018
0%
Birkir Bjarnason 1 139 2016
0%
Borja Iglesias 2 159 2021
0%
Çaglar Söyüncü 1 200 2019
0%
Cenk Tosun 1 165 2017
0%
Chancel Mbemba 1 180 2023
0%
Christian Cueva 1 185 2017
0%
Claudio Echeverri 1 157 2024
0%
Cristhian Stuani 1 139 2018
0%
Darío Benedetto 3 136 2017
0%
Deyverson 1 207 2024
0%
Dudu 4 152 2018
0%
Edison Flores 1 210 2019
0%
Edwin Cardona 1 223 2015
0%
Elkeson 1 137 2014
0%
Eran Zahavi 1 182 2019
0%
Éverton Ribeiro 3 122 2020
0%
Fedor Smolov 2 160 2016
0%
Ferjani Sassi 1 159 2014
0%
Franco Armani 3 118 2018
0%
Franco Mastantuono 1 177 2024
0%
Gaku Shibasaki 1 150 2018
0%
Hany Mukhtar 3 176 2021
0%
Jádson 1 137 2015
0%
Jean-Michaël Seri 1 178 2017
0%
Jefferson Savarino 1 189 2024
0%
Jonas Wind 1 237 2023
0%
Kerem Aktürkoğlu 1 156 2024
0%
Kevin Danso 1 255 2023
0%
Kim Young-gown 1 167 2015
0%
Kostas Fortounis 1 188 2015
0%
Luan 2 114 2017
0%
Luciano Acosta 1 249 2023
0%
Lutsharel Geertruida 1 230 2023
0%
Martin Hinteregger 1 232 2019
0%
Matías Kranevitter 1 142 2015
0%
Mbwana Samatta 1 174 2015
0%
Mile Jedinak 1 161 2014
0%
Milot Rashica 1 221 2019
0%
Mohamed Simakan 1 234 2023
0%
Morten Hjulmand 1 164 2024
0%
Omar Abdulrahman 3 131 2017
0%
Omar Khribin 1 135 2017
0%
Orkun Kokcu 1 171 2023
0%
Oscar Duarte 2 161 2014
0%
Ozan Tufan 1 191 2015
0%
Patrick Twumasi 1 167 2017
0%
Pierre Lees-Melou 1 140 2024
0%
Quincy Promes 4 175 2016
0%
Rafael Santos Borré 1 187 2019
0%
Raúl Ruidíaz 1 215 2019
0%
Roman Eremenko 1 135 2014
0%
Ron Vlaar 1 153 2014
0%
Salem Al-Dawsari 4 134 2021
0%
Samu Aghehowa Omorodion 1 212 2024
0%
Sardar Azmoun 4 172 2021
0%
Sebastian Rode 2 156 2021
0%
Sergio Canales 2 134 2020
0%
Sokratis Papastathopoulos 1 160 2017
0%
Soufiane Rahimi 1 142 2024
0%
Stefano Sensi 1 185 2019
0%
Steven Alzate 1 242 2019
0%
Sunil Chhetri 1 241 2019
0%
Takashi Inui 1 166 2018
0%
Takashi Usami 1 172 2015
0%
Ter Segen 1 217 2015
0%
Walter Montoya 1 164 2016
0%
Wilfried Singo 1 194 2024
0%
Wilmar Barrios 1 185 2018
0%
Yannick Bolasie 1 196 2015
0%
Yazan Al-Naimat 1 190 2024
0%
Yuya Osako 2 148 2018
0%
Zelimkhan Bakayev 1 242 2019
0%
Zhang Linpeng 1 207 2015
0%
No matching quizzes found
Score Distribution
Percent of People with Each Score
Percentile by Number Answered
Your Score History
You have not taken this quiz